000 00407nam a2200157Ia 4500
008 210716s2006 xx 000 0 und d
020 _a9788126506408
041 _aeng
082 _a005.3068 HELK
100 _aHeldman, Kim.
245 _aPMP: project management professional.
250 _a3
260 _aNew Delhi
_bWiley Publishing Inc.
_c2006
300 _axi,544,8
650 _aProject Management
999 _c187720
_d187720